1666 1190 1223 1875 1544 1856 1200 1612 1663 1334 1028 1375 1632 1798 1074 1300 1485 1441 1350 1309 1577 1670 1212 1268 1665 1600 1375 1469 1420 1441 1613 1234 1232 1807 1992 1478 1280 1347 1430 1367 1217 1788 1943 1600 1525 1857 1783 1234 1768 1598 1156 1328 1223 1930 1290 1748 1263 1100 1793 1568 1741 1454 1517 1538 1730 1043 1211 1323 1047 1088 1549 1846 1371 1017 1646 1482 1010 1910 1625 1813 1583 1242 1228 1229 1818 1613 1153 1178 1404 1689 1782 1436 1107 1320 1793 1087 1989 1171 1895 BCNSPRNW ULIB Ver.6.0+V

เปลี่ยนเป็นภาษาไทย

Change to English
 แสดงรายละเอียดบรรณานุกรม
  กลับหน้าหลัก

Brief Record : Get Marc (ISO 2709) : E-mail record : QR code < ปิดหน้าต่าง
LEADER : 00000nam 2200000uu 4500
001    13399126273
003     ULIB
008    180827s2560||||th 000 0 tha d
020    ^a9786164071711^c250
060  4 ^aWB 320^bต367
245 00 ^aตำราเวชศาสตร์ฟื้นฟู =^bRehabilitation medicine textbook /^cบรรณาธิการ, วสุวัฒน์ กิติสมประยูรกุล, ภัทรพล ยศเนืองนิตย์, สิริขวัญ ปัญญาศรีวณิช
246 31 ^aRehabilitation medicine textbook
250    ^aพืมพ์ครั้งที่ 4
260    ^aกรุงเทพฯ :^bภาควิชาเวชศาสตร์ฟื้นฟู คณะแพทยศาสตร์ จุฬาลงกรณ์มหาวิทยาลัย,^c2560
300    ^a426 หน้า :^bภาพประกอบ
650  2 ^aRehabilitation
650  4 ^aการฟื้นฟูสมรรถภาพ
650  4 ^aเวชศาสตร์ฟื้นฟู
650  4 ^aการประกอบโรคศิลป์
700 0  ^aวสุวัฒน์ กิติสมประยูรกุล,^eบรรณาธิการ
700 0  ^aภัทรพล ยศเนืองนิตย์,^eบรรณาธิการ
700 0  ^aสิริขวัญ ปัญญาศรีวณิช,^eบรรณาธิการ
710 2  ^aสภากาชาดไทย.^bศูนย์เวชศาสตร์ฟื้นฟู
710 2  ^aจุฬาลงกรณ์มหาวิทยาลัย.^bคณะแพทยศาสตร์.^bภาควิชาเวชศาสตร์ฟื้นฟู
945    ^p250^l0^i004461
945    ^p250^l0^i004462
945    ^p250^l0^i004463
999    ^aประนอม เกษจรัล
รายการนี้ยังไม่มีแท็ก
คุณยังไม่ได้ล็อกอิน คุณสามารถมีกิจกรรมร่วมกับเว็บไซต์ได้ แต่ต้องล็อกอินก่อน ::
  ล็อกอิน

รายการสื่อสารสนเทศ

ลำดับที่ ประเภท เลขเรียก/บาร์โค้ด สถานที่ สถานะ
1. วิทยาศาสตร์การแพทย์ และสุขภาพ
หนังสือสำรอง
สถานะ=หนังสือสำรอง
WB 320 ต367 ฉ.1 
  Barcode: 004461
ห้องสมุดวิทยาเขตสวรรค์ประชารักษ์
►หนังสือทั่วไป
บนชั้น
2. วิทยาศาสตร์การแพทย์ และสุขภาพ
วิทยาศาสตร์การแพทย์ และสุขภาพ
WB 320 ต367 ฉ.2 
  Barcode: 004462
ห้องสมุดวิทยาเขตนครสวรรค์
►นวนิยาย:l:Fiction
บนชั้น
3. วิทยาศาสตร์การแพทย์ และสุขภาพ
วิทยาศาสตร์การแพทย์ และสุขภาพ
WB 320 ต367 ฉ.3 
  Barcode: 004463
ห้องสมุดวิทยาเขตนครสวรรค์
►นวนิยาย:l:Fiction
บนชั้น

รายการใกล้เคียง
    หัวเรื่อง [Rehabilitation]
    หัวเรื่อง [การฟื้นฟูสมรรถภาพ]
    หัวเรื่อง [เวชศาสตร์ฟื้นฟู]
    หัวเรื่อง [การประกอบโรคศิลป์]

BibComment


ยังไม่เคยถูกคอมเมนท์

คอมเมนท์ทรัพยากรรายการนี้
  คอมเมนท์: ตำราเวชศาสตร์ฟื้..


 Copyright 2026. Bcnsprnw @Library